| 000 | 01748cam a22004454a 4500 | ||
|---|---|---|---|
| 003 | PE-LiUPU | ||
| 005 | 20250731183334.0 | ||
| 008 | 140310s2012 sp ae g b o001 spa u | ||
| 020 | _a9788498015898 | ||
| 035 | _a(Sirsi) i9788498015898 | ||
| 035 | _a(Sirsi) 52038 | ||
| 035 | _a(Sirsi) 52038 | ||
| 082 | 0 | 4 |
_a725.21 _bP68 |
| 100 | 1 | _aPlunkett, Dresw | |
| 245 | 1 | 3 |
_aEl detalle en el diseño contemporáneo de locales comerciales / _cDrew Plunkett, Olga Reid ; traducción Pilar Laura Morate Guerrero, Remedios Diéguez Diéguez. |
| 264 | 1 |
_aBarcelona : _b Blume, _c2012. |
|
| 300 |
_a192 páginas : _bilustraciones ; + _e 1 CD-ROM. |
||
| 505 | 0 | _aAccesorios -- Moda -- Alimentación y hogar -- Calzado. | |
| 526 | _aP158 | ||
| 526 | _aP146 | ||
| 526 | _aP17 | ||
| 526 | _aP12 | ||
| 526 | _aP06 | ||
| 650 | 4 |
_aCentros comerciales _vDiseños y planos. |
|
| 650 | 4 | _aDecoración de almacenes. | |
| 650 | 4 |
_aEdificios comerciales _xDiseño y construcción. |
|
| 650 | 4 |
_aEscaparatismo _xFotografías. |
|
| 650 | 4 |
_aArquitectura de centros comerciales _xDiseños y planos. |
|
| 650 | 4 | _aDiseñadores de interiores. | |
| 700 | 1 |
_aReid, Olga _ecoaut. |
|
| 700 | 1 |
_aDiéguez Díeguez, Remedios, _etr. |
|
| 700 | 1 |
_aMorate Guerrero, Pilar Laura, _etr. |
|
| 859 | _q69426 | ||
| 910 | _agl20131206 | ||
| 942 |
_2ddc _cBOOK |
||
| 949 |
_i69426 _lCCODEBUL1 _mBUL _tLIBRO _o.STAFF. Colección General |
||
| 596 | _a1 | ||
| 999 |
_a725.21 P68 _wDEWEY _c6011 _i69426 _d6011 _e2019-5-5 _f2021-11-10 _g7 _lCCODEBUL1 _mBUL _n4 _p74.00 _r0 _sY _tBOOK _u2015-7-6 _xINGENIERIA _PP06 _0COMPRA _o.STAFF. Colección General |
||
| 980 |
_81 _gALBERTO SANCHEZ Responsable de Automatización |
||